THE HAND ,ANATOMY,EXAMINATION AND DIAGNOSIS (Record no. 29443)

MARC details
000 -LEADER
fixed length control field 00451nam a22001697a 4500
003 - CONTROL NUMBER IDENTIFIER
control field OSt
005 - DATE AND TIME OF LATEST TRANSACTION
control field 20220207162800.0
008 - FIXED-LENGTH DATA ELEMENTS--GENERAL INFORMATION
fixed length control field 220207b |||||||| |||| 00| 0 eng d
020 ## - INTERNATIONAL STANDARD BOOK NUMBER
International Standard Book Number 978-1-4511-1593-2
040 ## - CATALOGING SOURCE
Original cataloging agency DDC
Transcribing agency HU
082 ## - DEWEY DECIMAL CLASSIFICATION NUMBER
Edition number 4TH
Classification number 617.575
Item number 1
100 ## - MAIN ENTRY--PERSONAL NAME
Personal name GHAZI RAYAN
9 (RLIN) 29857
245 ## - TITLE STATEMENT
Title THE HAND ,ANATOMY,EXAMINATION AND DIAGNOSIS
250 ## - EDITION STATEMENT
Edition statement 4TH
260 ## - PUBLICATION, DISTRIBUTION, ETC.
Place of publication, distribution, etc. LONDON
Name of publisher, distributor, etc. LIPPINCOTT WILLIAMS AND WILKINS
Date of publication, distribution, etc. 2011
942 ## - ADDED ENTRY ELEMENTS (KOHA)
Source of classification or shelving scheme Dewey Decimal Classification
Koha item type Books like text book referance book
Suppress in OPAC No

No items available.